000 00419nam a2200169Ia 4500
003 GCL
008 140319s9999 xx 000 0 eng d
040 _aGCL /
_cGCL
082 0 4 _a771.3
_bM L
100 1 _aBARBIN, MARCEL
245 1 0 _aLE GUIDE MARABOUT DU CAMESCOPE /
_cBARBIN, MARCEL
260 _a[S.N] :
_bMARABOUT ،
_c1993
300 _a179 P
650 0 4 _aCAMERAS
650 0 4 _aPHOTOGRAPHY
942 _2ddc
_cBK
999 _c12553
_d12553